Организация и экономика предприятий в сфере коммерции: учебное пособие
| Autor principal: | |
|---|---|
| Autor corporatiu: | |
| Altres autors: | |
| Sumari: | Заглавие с титульного экрана Электронная версия печатной публикации Режим доступа: из сети НТБ ТПУ |
| Idioma: | rus |
| Publicat: |
Томск, Изд-во ТПУ, 2007
|
| Col·lecció: | Учебники Томского политехнического университета |
| Matèries: | |
| Accés en línia: | http://www.lib.tpu.ru/fulltext3/m/2008/m34.pdf |
| Format: | MixedMaterials Electrònic Llibre |
| KOHA link: | https://koha.lib.tpu.ru/cgi-bin/koha/opac-detail.pl?biblionumber=136329 |
MARC
| LEADER | 00000nlm0a2200000 4500 | ||
|---|---|---|---|
| 001 | 136329 | ||
| 005 | 20231031140434.0 | ||
| 035 | |a (RuTPU)RU\TPU\book\147756 | ||
| 090 | |a 136329 | ||
| 100 | |a 20080422d2007 k y0rusy50 ca | ||
| 101 | 0 | |a rus | |
| 102 | |a RU | ||
| 105 | |a y j 001zy | ||
| 135 | |a vrcn ---uucaa | ||
| 181 | 0 | |a i | |
| 182 | 0 | |a b | |
| 200 | 1 | |a Организация и экономика предприятий в сфере коммерции |b Электронный ресурс |e учебное пособие |f В. В. Еремин, В. Б. Косов |g Томский политехнический университет (ТПУ) | |
| 203 | |a Текст |c электронный | ||
| 210 | |a Томск |c Изд-во ТПУ |d 2007 | ||
| 225 | 1 | |a Учебники Томского политехнического университета | |
| 230 | |a 1 компьютерный файл (pdf; 1281 KB) | ||
| 300 | |a Заглавие с титульного экрана | ||
| 300 | |a Электронная версия печатной публикации | ||
| 333 | |a Режим доступа: из сети НТБ ТПУ | ||
| 337 | |a Adobe Reader | ||
| 452 | 1 | |0 (RuTPU)RU\TPU\book\134873 |t Организация и экономика предприятий в сфере коммерции |o учебное пособие для вузов |f В. В. Еремин, В. Б. Косов |g Томский политехнический университет (ТПУ) |c Томск |n Изд-во ТПУ |d 2007 |p 184 с. |s Учебники Томского политехнического университета |a Еремин, Василий Васильевич | |
| 610 | 1 | |a экономика | |
| 610 | 1 | |a торговля | |
| 610 | 1 | |a коммерция | |
| 610 | 1 | |a коммерческие предприятия | |
| 610 | 1 | |a проектирование | |
| 610 | 1 | |a основные фонды | |
| 610 | 1 | |a издержки | |
| 610 | 1 | |a финансовые ресурсы | |
| 610 | 1 | |a товарооборот | |
| 610 | 1 | |a товарные запасы | |
| 610 | 1 | |a налогообложение | |
| 610 | 1 | |a ценообразование | |
| 610 | 1 | |a прибыль | |
| 610 | 1 | |a торговые предприятия | |
| 610 | 1 | |a эффективность | |
| 610 | 1 | |a учебные пособия | |
| 610 | 1 | |a труды учёных ТПУ | |
| 610 | 1 | |a электронный ресурс | |
| 686 | |a У9(2)421я73 |v LBC/SL-A |2 rubbk | ||
| 700 | 1 | |a Еремин |b В. В. |c экономист |c доцент Томского политехнического университета, кандидат экономических наук |f 1949- |g Василий Васильевич |2 stltpush |3 (RuTPU)RU\TPU\pers\28093 | |
| 701 | 1 | |a Косов |b В. Б. |c экономист |c старший преподаватель Томского политехнического университета |f 1954- |g Владимир Борисович |2 stltpush |3 (RuTPU)RU\TPU\pers\27888 | |
| 712 | 0 | 2 | |a Томский политехнический университет (ТПУ) |
| 801 | 1 | |a RU |b 63413507 |c 20080422 |g PSBO | |
| 801 | 2 | |a RU |b 63413507 |c 20230112 |g RCR | |
| 856 | 4 | |u http://www.lib.tpu.ru/fulltext3/m/2008/m34.pdf | |
| 900 | |a Организация и экономика предприятий в сфере коммерции | ||
| 942 | |c CF | ||